1245 1517 1689 1042 1089 1328 1721 1008 1693 1135 1267 1803 1289 1202 1866 1844 1859 1785 1831 1601 1757 1153 1856 1541 1834 1871 1061 1884 1253 1096 1402 1230 1301 1809 1842 1051 1339 1075 1367 1743 1293 1302 1286 1705 1271 1658 1742 1935 1903 1174 1153 1342 1432 1687 1034 1001 1042 1682 1489 1868 1188 1434 1414 1973 1113 1061 1374 1759 1822 1606 1876 1183 1910 1247 1252 1159 1641 1370 1963 1373 1490 1343 1838 1669 1548 1515 1882 1342 1564 1189 1705 1255 1942 1402 1968 1981 1209 1320 1425 BCNSPRNW ULIB Ver.6.0+V

เปลี่ยนเป็นภาษาไทย

Change to English
 แสดงรายละเอียดบรรณานุกรม
  กลับหน้าหลัก

Brief Record : Get Marc (ISO 2709) : E-mail record : QR code < ปิดหน้าต่าง
LEADER : 00000nam 2200000uu 4500
001    13399109296
003     ULIB
008    110328s2544||||th 000 0 tha d
020    9742944458
060 04 WA546^bส622ศ 2544
245 00 ศูนย์สุขภาพชุมชน:หนทางสู่ระบบบริการที่พึงประสงค์ /^cสำเริง แหยงกระโทก ,รุจิรา มังคละศิริ,บรรณาธิการ
260    [นครราชสีมา :^bสำนักงานสาธารณสุขจังหวัดนครราชสีมา], 2544
300    220 หน้า.
650  7 ศูนย์สุขภาพชุมชน
700 0  สำเริง แหยงกระโทก,^eบรรณาธิการ
700 0  รุจิรา มังคละศิริ,^eบรรณาธิการ
710 2  สำนักงานสาธารณสุขจังหวัดนครราชสีมา
945    ^p0^l0^i015691
995    ทศพร
999 ^a ใช้งานได้ทุกระบบ
รายการนี้ยังไม่มีแท็ก
คุณยังไม่ได้ล็อกอิน คุณสามารถมีกิจกรรมร่วมกับเว็บไซต์ได้ แต่ต้องล็อกอินก่อน ::
  ล็อกอิน

รายการสื่อสารสนเทศ

ลำดับที่ ประเภท เลขเรียก/บาร์โค้ด สถานที่ สถานะ
- ไม่พบข้อมูล -

รายการใกล้เคียง
    หัวเรื่อง [ศูนย์สุขภาพชุมชน]

BibComment


ยังไม่เคยถูกคอมเมนท์

คอมเมนท์ทรัพยากรรายการนี้
  คอมเมนท์: ศูนย์สุขภาพชุมชนห..


 Copyright 2026. Bcnsprnw @Library